000 00255nam a22001217a 4500
008 170228b xxu||||| |||| 00| 0 eng d
041 _aeng
080 _a616.8
100 _a5
101 _aSHM
245 _aPITUITARY TUMORS
_cODELL.D.W
942 _2udc
_cBK
999 _c6442
_d6442